| 000 | 00676nam a22002057a 4500 | ||
|---|---|---|---|
| 003 | OSt | ||
| 005 | 20260424033751.0 | ||
| 008 | 260424b |||||||| |||| 00| 0 eng d | ||
| 020 | _a9789710581948 | ||
| 040 |
_aDWCL Main Lib. _cOC |
||
| 082 | _aFil. 500 C744 2014 | ||
| 100 | _aAbecilla, Nesjohn L. | ||
| 245 |
_aConceptual science and beyond 9 / _cNesjohn L. Abecilla [and five others] |
||
| 250 | _aK to 12 edition. | ||
| 260 |
_aQuezon City, Philippines : _bBrilliant Creations Publishing, _cc2014. |
||
| 300 |
_ax, 208 pages : _bcolor illustrations ; _c26 cm. |
||
| 504 | _aIncludes bibliographical references. | ||
| 650 | _a1. Science. | ||
| 942 |
_2ddc _cBK - FIL _n0 |
||
| 999 |
_c9840 _d9840 |
||